01139nam a2200157 a 4500008004100000020001500041041000800056100002000064245004200084250003800126260004900164300001600213500007600229505066400305655001200969161215e2002 ag |||g |||| 00| 1 spa d a9879501179 aspa1 aHerrera, Carlos aOcurrió en Cupajo /cCarlos Herrera a1a ed.bIlustracion Dini Calderon aSanta Rosa [La Pampa-ARG]:bPitangua;c2002. a230 p.cil. aHerrera, C. (2002). Ocurrió en Cupajo. (1a ed.). La Pampa : Pitangua. aOcurrió en Cupajo, es una sucesión de cuentos que constituyen una saga, ya que comparten con este género su carácter mítico, su vecindad con el relato oral, una épica (aquí teñida de humor), una frecuente inserción en lo coloquial, un núcleo de personajes que se reiteran, y una hilación cronológica que es aconsejable seguir. Cupajo es un pueblo cabalmente ficcional, cuyo lugar en el mundo es grosso modo el oeste catamarqueño, región de antiguas poblaciones, las que por historia y aislamiento de todo centro urbano, conservaban una idiosincrasia asaz antigua, al menos para la época en las que estas narraciones se sitúan.  aCuentos